An introduction to partial differential equations (Record no. 2053)

MARC details
000 -LEADER
fixed length control field 00569 a2200181 4500
001 - CONTROL NUMBER
control field 068372
003 - CONTROL NUMBER IDENTIFIER
control field OSt
005 - DATE AND TIME OF LATEST TRANSACTION
control field 20220216161401.0
008 - FIXED-LENGTH DATA ELEMENTS--GENERAL INFORMATION
fixed length control field
082 ## - DEWEY DECIMAL CLASSIFICATION NUMBER
Classification number 515.353
Item number R29I
100 1# - MAIN ENTRY--PERSONAL NAME
Personal name Rogers, Robert C.
245 1# - TITLE STATEMENT
Title An introduction to partial differential equations
Statement of responsibility, etc by Robert C. Rogers and Michael Renardy
260 ## - PUBLICATION, DISTRIBUTION, ETC. (IMPRINT)
Place of publication, distribution, etc New York
Name of publisher, distributor, etc Springer
Date of publication, distribution, etc 2010
300 ## - PHYSICAL DESCRIPTION
Extent 433p.
653 ## - INDEX TERM--UNCONTROLLED
Uncontrolled term Differential equations, Partial; Mathematical physics; Mathematics; Engineering mathematics
700 ## - ADDED ENTRY--PERSONAL NAME
Personal name Renardy, Michael
942 ## - ADDED ENTRY ELEMENTS (KOHA)
Source of classification or shelving scheme Dewey Decimal Classification
Koha item type Books
Holdings
Withdrawn status Lost status Source of classification or shelving scheme Damaged status Not for loan Collection code Home library Current library Date acquired Source of acquisition Cost, normal purchase price Full call number Barcode Date last seen Price effective from Koha item type
    Dewey Decimal Classification     General Text Book Central University Of Rajasthan Central University Of Rajasthan 07/03/2012 MTH 350.00 515.353 R29I 2659 21/11/2024 02/09/2020 Books